LEADER 01230nam a2200277 i 4500 001 000000143814 003 CaOOAMICUS 005 20051012000000.0 008 051012s1966 it u000 u ita u 013 $a119172 040 $aSeMil$bita 100 1 $aZangrandi, Ruggero <1915-1970>.$0(OLS)http://semarc/name/11250 245 10$aMussolini /$cdi Ruggero Zangrandi. Gramsci / di Paolo Spriano. 260 $aRoma ; Milano :$bC.E.I. Compagnia Edizioni Internazionali,$ccopyr. 1966. 300 $a78, 80 p. :$bill. ;$c19 cm. 490 0 $aI protagonisti della storia universale ;$v5 490 0 $aGiano : i tascabili doppi ;$v5 500 $aFormato in tête-bêche. 700 1 $aSpriano, Paolo.$0(OLS)http://semarc/name/1239 830 2$aI protagonisti della storia universale ;$v5.$0(OLS)http://semarc/title/14898 830 0$aGiano : i tascabili doppi ;$v5.$0(OLS)http://semarc/title/18989 850 $aSeMil 852 $aSeMil$W1$xVenegono$y1$m872 1 5 *$j96856$B96856$CSeMilBibl$Z2$F104249 $81 961 $aRecupero: Biblioteca Seminario Saronno 996 $6245$aMussolini$9(OLS)http://semarc/title/2090 996 $6260$aRoma ; Milano :$bC.E.I. Compagnia Edizioni Internazionali$9(OLS)http://semarc/publisher/33102 LEADER 01304nam a2200277 i 4500 001 000000069036 003 CaOOAMICUS 005 20170828000000.0 008 170828s1976 xx u000 u eng u 013 $a40208 020 $a0-385-02853-9 040 $aSeMil$bita 100 1 $aOrr, William Fridell.$0(OLS)http://semarc/name/34505 245 10$a1. Corinthians :$ba new translation /$cintroduction with the study of the life of Paul, notes, and commentary by William F. Orr and James Arthur Walther. 260 $aGarden City, New York :$bDoubleday,$c1976. 300 $axv, 391 p. ;$c24 cm. 490 0 $aThe Anchor Bible ;$v32 650 4$aBibbia. Nuovo Testamento. Lettera ai Corinzi. 1. - Commentari, studi, critica, interpretazioni.$0(OLS)http://semarc/subject/171 700 1 $aWalther, James Arthur.$0(OLS)http://semarc/name/34506 830 4$aThe Anchor Bible ;$v32.$0(OLS)http://semarc/title/472 850 $aSeMil 852 $aSeMil$W1$xVenegono$y1$mSL1.R II 32$j35189$B35189$CSeMilBibl$Z2$F35192 $8I 961 $aAcquisto: Casa editrice 996 $6020$a0-385-02853-9$9(OLS)http://semarc/number/269817 996 $6245$a1. Corinthians :$ba new translation$9(OLS)http://semarc/title/402708 996 $6260$aGarden City, New York :$bDoubleday$9(OLS)http://semarc/publisher/29803